Songs with "Run" in the Title - Statistics

General Stats
  • This quiz has been taken 26 times
  • The average score is 5 of 16
Answer Stats
Release Artist Answer % Correct
1975 Bruce Springsteen We gotta get out while we're young / 'Cause tramps like us / Baby, we were {born} {to} {run}
88%
1984 Bryan Adams I'm gonna {run} {to} {you} / I'm gonna {run} {to} {you} / 'Cause when the feeling's right, I'm gonna run all night
56%
1973 Paul McCartney and Wings {Band} {on} {the} {run}, {band} {on} {the} {run} / And the jailer man / And the sailor Sam / Were searching everyone
52%
1958 Chuck Berry Santa make him hurry, tell him he can take the freeway down / {Run}, {run} {Rudolph} 'cause I'm reelin' like a merry-go-round
36%
1976 Steve Miller Band Billy Joe shot a man while robbing his castle / Bobbie Sue {took} {the} {money} {and} {run} / Go on, {take} {the} {money} {and} {run}
32%
1994 Blues Traveler But you / Why you wanna give me a {run}-{around} / Is it a sure-fire way to speed things up / When all it does is slow me down
32%
1985 2019 Kate Bush Meg Myers (cover) If only I could / I'd make a deal with God / And I'd get him to swap our places / Be running up that road / Be {running} {up} {that} {hill}
32%
2010 Kanye West [title not contained in lyrics] {Runaway}
32%
1977 Jackson Browne {Running} {on} {empty} / Running blind / Running into the sun / But I'm running behind / Gotta do what you can to keep your love alive
28%
1979 Various {Grandma} {got} {run} {over} {by} {a} {reindeer} / Walking home from our house Christmas Eve
24%
1981 REO Speedwagon I don't believe it / Not for a minute / You're under the gun / So you {take} {it} {on} {the} {run}
24%
2005 Chris Brown Let me see if you can {run} {it}, {run} {it} / Girl indeed I can {run} {it}, {run} {it}
24%
1989 Tom Petty Yeah, {runnin'} {down} {a} {dream} / That never would come to me / Workin' on a mystery, goin' wherever it leads / {runnin'} {down} {a} {dream} / I felt so good, like anything was possible
24%
1978 Van Halen Least I don't need to beg or borrow / Yes, I'm living at a pace that kills / {Runnin'} {with} {the} {devil}
20%
2014 One Direction This time I'm {ready} {to} {run} / Escape from the city and follow the sun / ' Cause I wanna be yours / 'Cause you wanna be mine
4%
1990 N.W.A. So for now pack the gun and / Hold it in the air / 'Cause MC Ren has {100} {miles} {and} {runnin'}
0%
No matching quizzes found
Score Distribution
Percent of People with Each Score
Percentile by Number Answered
Your Score History
You have not taken this quiz